Statistics for every reputation song

Click here to take the quiz!

General Stats

  • This quiz has been taken 38 times
  • The average score is 14 of 15

Answer Stats

Reputation songs% Correct
Delicate
100%
End Game (Ft. Ed Sheeran & Future)
100%
King of My Heart
100%
Look What You Made Me Do
100%
...Ready for It?
100%
Don't Blame Me
92%
Dress
92%
Getaway Car
92%
I Did Something Bad
92%
New Year's Day
92%
So It Goes...
92%
This Is Why We Can’t Have Nice Things
92%
Call It What You Want
85%
Dancing With Our Hands Tied
85%
Gorgeous
85%

Score Distribution

Percentile by Number Answered

Percent of People with Each Score

Your Score History

You have not taken this quiz